| 000 | 00345nam a22001577a 4500 | ||
|---|---|---|---|
| 003 | SGT | ||
| 020 | _a978-81-265-4066-2 | ||
| 082 |
_a616.01 _bH13D |
||
| 100 | _aDENYER,STEPHEN | ||
| 245 | _aHUGE & RUSELLS PHARMACEUTICAL BIOLOGY | ||
| 250 | _a8TH | ||
| 260 |
_aDELHI _bWILEY _c2013 |
||
| 300 | _a514 | ||
| 650 | _aMICROBIOLOGY | ||
| 942 |
_2ddc _cBK |
||
| 999 |
_c8780 _d8780 |
||